[Event "SSkopje MKD"]
[Site "SSkopje MKD"]
[Date "2014.03.30"]
[Round "2.86"]
[White "Pastar, Slaven"]
[Black "Peczely, Gyorgy"]
[Result "1-0"]
[WhiteElo "2152"]
[BlackElo "1832"]
[PlyCount "73"]
[EventDate "2014.03.29"]
[EventType "swiss"]
[EventRounds "9"]

1. g3 c6 2. Bg2 d5 3. Nf3 Nf6 4. O-O g6 5. b3 Bg7 6. Bb2 O-O 7. c4 dxc4 8. bxc4
Qb6 9. Qb3 Nbd7 10. d3 e6 11. Nbd2 Re8 12. Qa3 Bf8 13. Qc3 Bg7 14. Rab1 Qd8 15.
Ba1 Nh5 16. Qa3 Bxa1 17. Rxa1 Qe7 18. Qc3 Ng7 19. e4 e5 20. Ne1 Qd6 21. Nb3 Ne6
22. Rc1 c5 23. Qd2 Nb8 24. f4 Nc6 25. f5 Ned4 26. Nxd4 Nxd4 27. g4 Bd7 28. Nf3
Qf8 29. Nxd4 cxd4 30. Rf3 f6 31. fxg6 hxg6 32. Rcf1 Re6 33. g5 Qg7 34. gxf6 Qf7
35. Qh6 Rf8 36. Rh3 Qxf6 37. Qh7# 1-0

[Event "SSkopje MKD"]
[Site "SSkopje MKD"]
[Date "2014.03.30"]
[Round "2.87"]
[White "Peev, Kosta"]
[Black "Petkovski, Vlatko"]
[Result "0-1"]
[WhiteElo "1786"]
[BlackElo "2147"]
[PlyCount "64"]
[EventDate "2014.03.29"]
[EventType "swiss"]
[EventRounds "9"]

1. d4 Nf6 2. Nf3 g6 3. e3 Bg7 4. Nbd2 d6 5. b3 O-O 6. Bb2 Nbd7 7. Bc4 c6 8. a4
Qc7 9. O-O h6 10. Bd3 Re8 11. c4 e5 12. Qc2 Nf8 13. h3 N6d7 14. dxe5 dxe5 15.
c5 Ne6 16. Ba3 a5 17. Ne4 Rd8 18. Nd6 Ndxc5 19. Nxf7 Qxf7 20. Bxg6 Qe7 21. g3
b6 22. Bh7+ Kh8 23. Nh4 Nf8 24. f4 Bxh3 25. fxe5 Bxf1 26. Rxf1 Qg5 27. Rxf8+
Bxf8 28. Ng6+ Kxh7 29. Nxf8+ Kg8 30. Qh7+ Kxf8 31. Qh8+ Ke7 32. Qh7+ Ke6 0-1

[Event "SSkopje MKD"]
[Site "SSkopje MKD"]
[Date "2014.03.30"]
[Round "2.88"]
[White "Kacakovski, Dimitar"]
[Black "Konstantinov, Aleksandar"]
[Result "1-0"]
[WhiteElo "2143"]
[BlackElo "1828"]
[PlyCount "55"]
[EventDate "2014.03.29"]
[EventType "swiss"]
[EventRounds "9"]

1. d4 Nf6 2. Bg5 Ne4 3. Bf4 d5 4. e3 c5 5. Bd3 Nf6 6. c3 Nc6 7. Nd2 e6 8. Ngf3
Be7 9. dxc5 Bxc5 10. O-O O-O 11. Qc2 Bd6 12. Bxd6 Qxd6 13. e4 dxe4 14. Nxe4
Nxe4 15. Bxe4 h6 16. Rfd1 Qc7 17. Qe2 Bd7 18. Bc2 Rad8 19. Qe4 f5 20. Qc4 Kh8
21. b4 Qb8 22. Qc5 Rfe8 23. b5 b6 24. Qd6 Qxd6 25. Rxd6 Nb8 26. Ne5 Kh7 27.
Rad1 Re7 28. Nc6 1-0

[Event "SSkopje MKD"]
[Site "SSkopje MKD"]
[Date "2014.03.30"]
[Round "2.89"]
[White "Rykov, Ivan"]
[Black "Gjorshev, Ljupcho"]
[Result "1-0"]
[WhiteElo "1783"]
[BlackElo "2125"]
[PlyCount "81"]
[EventDate "2014.03.29"]
[EventType "swiss"]
[EventRounds "9"]

1. d4 d6 2. c4 Nd7 3. Nc3 e5 4. Nf3 Be7 5. g3 Ngf6 6. Bg2 O-O 7. O-O c6 8. e4
Qc7 9. b3 a6 10. Bb2 Re8 11. Re1 Nf8 12. a3 Ng6 13. d5 c5 14. h3 Rf8 15. Nd2 h5
16. b4 b6 17. b5 a5 18. Qe2 Kh7 19. Nf1 Rh8 20. h4 Bd7 21. Ne3 Kg8 22. Nf5 Bf8
23. Na4 Rb8 24. Qd3 Ne7 25. Bxe5 Bxf5 26. Bxf6 Bxe4 27. Bxe4 gxf6 28. Bf5 Kg7
29. Re2 Rh6 30. Rae1 Ng6 31. Bxg6 Rxg6 32. Qf5 Rg4 33. Re4 Rg6 34. Kh2 Kg8 35.
f3 Bh6 36. Re8+ Kg7 37. R1e7 Rxe8 38. Rxc7 Re2+ 39. Kh3 Bd2 40. Qd7 Kh6 41.
Qxf7 1-0

[Event "SSkopje MKD"]
[Site "SSkopje MKD"]
[Date "2014.03.30"]
[Round "2.90"]
[White "Alishani, Ibrahim"]
[Black "Jean, Ludovic"]
[Result "1-0"]
[WhiteElo "2110"]
[BlackElo "1786"]
[PlyCount "107"]
[EventDate "2014.03.29"]
[EventType "swiss"]
[EventRounds "9"]

1. d4 b5 2. Nf3 Bb7 3. Bg5 Nf6 4. e3 a6 5. Nbd2 e6 6. Bd3 Be7 7. O-O h6 8. Bh4
O-O 9. c4 c6 10. Rc1 d6 11. Bb1 Nbd7 12. Qc2 g6 13. a3 Rc8 14. Rfd1 Nh7 15.
Bxe7 Qxe7 16. c5 d5 17. b4 Ng5 18. h4 Nh7 19. h5 f5 20. hxg6 Ng5 21. g3 Rf6 22.
Nh4 Nf8 23. Kg2 Nxg6 24. Nxg6 Rxg6 25. Rh1 Qg7 26. Rh2 Kf8 27. Rch1 Ke7 28. Kf1
Rf8 29. g4 Bc8 30. Qd1 Ne4 31. gxf5 exf5 32. Nf3 Rg8 33. Qe1 Rg2 34. Bd3 Nxf2
35. Qxf2 Rxf2+ 36. Kxf2 Rh8 37. Ne5 Bd7 38. Rg1 Qh7 39. Ng6+ Kf6 40. Nxh8 Qxh8
41. Rgh1 Kg5 42. Rh5+ Kg6 43. Kf3 Kg7 44. Rxh6 Qxh6 45. Rxh6 Kxh6 46. Kf4 Kg6
47. Ke5 Kg5 48. Kd6 Be8 49. Ke7 Bh5 50. Kd7 f4 51. exf4+ Kxf4 52. Kxc6 Ke3 53.
Bf5 Kxd4 54. Kd6 1-0

[Event "SSkopje MKD"]
[Site "SSkopje MKD"]
[Date "2014.03.30"]
[Round "2.91"]
[White "Stosevski, Ilja"]
[Black "Gjeorgjievski, Done"]
[Result "1-0"]
[WhiteElo "2108"]
[BlackElo "1784"]
[PlyCount "59"]
[EventDate "2014.03.29"]
[EventType "swiss"]
[EventRounds "9"]

1. Nf3 Nf6 2. b3 g6 3. d4 d5 4. g3 Bg7 5. Bg2 O-O 6. Bb2 Re8 7. O-O Nbd7 8. c4
c6 9. cxd5 cxd5 10. Nc3 b6 11. Rc1 Ba6 12. Ne5 Bb7 13. Nb5 Rc8 14. Nxa7 Rxc1
15. Qxc1 Nxe5 16. dxe5 Ng4 17. e6 Bxb2 18. exf7+ Kxf7 19. Qxb2 e5 20. Nb5 Bc6
21. Nc3 Qa8 22. a4 h5 23. Qd2 d4 24. Bxc6 Qxc6 25. Nb5 Rc8 26. Qg5 Qf6 27. Qd2
h4 28. h3 Rh8 29. hxg4 hxg3 30. g5 1-0

[Event "SSkopje MKD"]
[Site "SSkopje MKD"]
[Date "2014.03.30"]
[Round "2.92"]
[White "Can, Isik"]
[Black "Kollari, Suleyman"]
[Result "1-0"]
[WhiteElo "1762"]
[BlackElo "2104"]
[PlyCount "77"]
[EventDate "2014.03.29"]
[EventType "swiss"]
[EventRounds "9"]

1. e4 e6 2. d4 d5 3. Nc3 Nf6 4. e5 Nfd7 5. f4 c5 6. Nf3 Nc6 7. Be3 Qb6 8. Qd2
c4 9. Be2 Qxb2 10. Rb1 Qa3 11. Nb5 c3 12. Nxc3 Bb4 13. Rb3 Bxc3 14. Rxa3 Bxd2+
15. Bxd2 Nb6 16. O-O a6 17. Rb1 Nc4 18. Bxc4 dxc4 19. Ra4 b5 20. Rxb5 axb5 21.
Rxa8 Kd7 22. Ng5 Nxd4 23. Nxf7 Rf8 24. Nd6 c3 25. Be1 Rxf4 26. Bf2 Nxc2 27.
Rxc8 b4 28. Bb6 Ke7 29. Rc7+ Kf8 30. Bc5 Kg8 31. Rc8+ Rf8 32. Rxf8+ Kxf8 33.
Nf5+ Ke8 34. Ne3 Nxe3 35. Bxe3 Kd7 36. Kf2 Kc6 37. Ke2 Kd5 38. Kd3 Kxe5 39. Bc5
1-0

[Event "SSkopje MKD"]
[Site "SSkopje MKD"]
[Date "2014.03.30"]
[Round "2.93"]
[White "Saracy, Nderim"]
[Black "Nikolovski, Martin"]
[Result "1-0"]
[WhiteElo "2090"]
[BlackElo "1761"]
[PlyCount "73"]
[EventDate "2014.03.29"]
[EventType "swiss"]
[EventRounds "9"]

1. e4 d5 2. exd5 Qxd5 3. Nc3 Qa5 4. Bc4 Nf6 5. d4 c6 6. Qe2 e6 7. Nf3 Be7 8.
Bd2 Qc7 9. O-O-O O-O 10. Ne5 Nbd7 11. Nxf7 Rxf7 12. Qxe6 Ne5 13. Qxe5 Bd6 14.
Qe2 Bf5 15. Rde1 Kh8 16. Bxf7 Qxf7 17. f3 Qg6 18. Be3 Re8 19. Qd2 Bb4 20. g4
Be6 21. a3 Ba5 22. Qd3 Qf7 23. Bd2 Bc7 24. Ne4 Nxe4 25. Rxe4 Rf8 26. Bb4 Bc4
27. Qc3 Qxf3 28. Qxf3 Rxf3 29. Re8+ Bg8 30. Rhe1 h6 31. Rc8 Bf4+ 32. Bd2 Kh7
33. Bxf4 Rxf4 34. h3 g5 35. Re7+ Bf7 36. Rxb7 Kg6 37. Rxc6+ 1-0

[Event "SSkopje MKD"]
[Site "SSkopje MKD"]
[Date "2014.03.30"]
[Round "2.94"]
[White "Arda, Cagil Irmak"]
[Black "Balokas, Dimitrios"]
[Result "0-1"]
[WhiteElo "1753"]
[BlackElo "2085"]
[PlyCount "72"]
[EventDate "2014.03.29"]
[EventType "swiss"]
[EventRounds "9"]

1. e4 c5 2. Nf3 d6 3. Bb5+ Bd7 4. Bxd7+ Qxd7 5. O-O Nc6 6. c4 Nf6 7. Re1 g6 8.
d4 cxd4 9. Nxd4 Bg7 10. Nc3 O-O 11. Be3 Rfc8 12. Nxc6 Qxc6 13. Rc1 Qxc4 14. Bg5
Qe6 15. Nd5 Rxc1 16. Bxc1 Nxd5 17. exd5 Qd7 18. Qb3 Bf6 19. Bd2 Rc8 20. Be3 b6
21. h3 Kg7 22. Rd1 Qf5 23. Qa3 Rc7 24. b3 Qh5 25. Rd2 Bc3 26. Bd4+ Bxd4 27.
Rxd4 Qe2 28. Rf4 Qe1+ 29. Kh2 Qe5 30. g3 Qxd5 31. Qb2+ e5 32. Ra4 Qd1 33. Kg2
Rc2 34. Qa3 Qe1 35. h4 Qxf2+ 36. Kh3 Qg2+ 0-1

[Event "SSkopje MKD"]
[Site "SSkopje MKD"]
[Date "2014.03.30"]
[Round "2.95"]
[White "Arizanov, Tome"]
[Black "Jovchev, Riste"]
[Result "0-1"]
[WhiteElo "2078"]
[BlackElo "1749"]
[PlyCount "36"]
[EventDate "2014.03.29"]
[EventType "swiss"]
[EventRounds "9"]

1. e4 c5 2. d4 cxd4 3. c3 dxc3 4. Nxc3 e5 5. Nf3 Nc6 6. Bc4 Bb4 7. Qd5 Qe7 8.
Bg5 Nf6 9. Bxf6 Qxf6 10. O-O O-O 11. Nb5 d6 12. a3 Be6 13. Qd3 Bxc4 14. Qxc4
Ba5 15. Rfd1 Rfd8 16. b4 Bb6 17. a4 Rac8 18. a5 Nxa5 0-1

[Event "SSkopje MKD"]
[Site "SSkopje MKD"]
[Date "2014.03.30"]
[Round "2.96"]
[White "Zhezhov, Emil"]
[Black "Velikic, Adela"]
[Result "0-1"]
[WhiteElo "1746"]
[BlackElo "2078"]
[PlyCount "70"]
[EventDate "2014.03.29"]
[EventType "swiss"]
[EventRounds "9"]

1. d4 d5 2. Nf3 Nf6 3. Bg5 Ne4 4. Bh4 c6 5. c3 Bf5 6. Qb3 Qc8 7. e3 Nd7 8. c4
e6 9. Nbd2 Bd6 10. Be2 h6 11. Nxe4 dxe4 12. Nd2 O-O 13. f4 c5 14. g4 Bh7 15.
O-O Qc7 16. Bg3 Rad8 17. Rad1 Nb8 18. d5 Rfe8 19. Nb1 exd5 20. cxd5 a6 21. a4
Nd7 22. Na3 Nf6 23. h3 Bf8 24. Kg2 Qc8 25. Rd2 Bd6 26. Rfd1 Bb8 27. a5 Bc7 28.
Nc4 Rd7 29. d6 Bd8 30. Qc3 Kh8 31. Ne5 Bg8 32. Nxd7 Nxd7 33. h4 Qc6 34. g5 f6
35. gxh6 g6 0-1

[Event "SSkopje MKD"]
[Site "SSkopje MKD"]
[Date "2014.03.30"]
[Round "2.97"]
[White "Logallo, Claudio"]
[Black "Tevdovski, Zoran"]
[Result "1-0"]
[WhiteElo "2074"]
[BlackElo "1743"]
[PlyCount "71"]
[EventDate "2014.03.29"]
[EventType "swiss"]
[EventRounds "9"]

1. e4 d5 2. exd5 Qxd5 3. Nc3 Qd6 4. d4 Nf6 5. Nge2 c6 6. Bf4 Qb4 7. Qd2 Qxb2 8.
Rb1 Qa3 9. Bc7 e6 10. Rb3 Qe7 11. Be5 Nbd7 12. Ng3 Nxe5 13. dxe5 Nd7 14. f4 Nc5
15. Rb1 Qc7 16. Be2 Be7 17. O-O O-O 18. Kh1 b6 19. Qe3 Bb7 20. f5 exf5 21. Nxf5
Ne6 22. Bd3 g6 23. Qg3 Kh8 24. Nxe7 Qxe7 25. Ne4 c5 26. Nf6 Ng7 27. Qg5 Bxg2+
28. Kxg2 Ne8 29. Qh6 Nxf6 30. exf6 Qb7+ 31. Rf3 Rg8 32. Rbf1 Qd5 33. Kg1 Rae8
34. Rh3 Qd4+ 35. Kg2 Qg4+ 36. Kh1 1-0

[Event "SSkopje MKD"]
[Site "SSkopje MKD"]
[Date "2014.03.30"]
[Round "2.98"]
[White "Gaberov, Toshe"]
[Black "Hoffmann, Max"]
[Result "0-1"]
[WhiteElo "1731"]
[BlackElo "2063"]
[PlyCount "58"]
[EventDate "2014.03.29"]
[EventType "swiss"]
[EventRounds "9"]

1. Nf3 Nf6 2. c4 g6 3. Nc3 Bg7 4. g3 d6 5. Bg2 c6 6. O-O O-O 7. Re1 Qa5 8. d3
Qh5 9. Bg5 Bg4 10. Qc1 Nbd7 11. Nd1 a5 12. Bd2 Bxf3 13. exf3 Qf5 14. d4 e5 15.
Ne3 Qe6 16. Bc3 Qe8 17. Qd2 Qd8 18. Rad1 Qc7 19. Ng4 Rfd8 20. Qg5 Nxg4 21. fxg4
h6 22. Qd2 exd4 23. Bxd4 Ne5 24. Qe2 Re8 25. Bc3 Re6 26. h3 Rae8 27. Qe4 a4 28.
Qd4 Nf3+ 29. Bxf3 Rxe1+ 0-1

[Event "SSkopje MKD"]
[Site "SSkopje MKD"]
[Date "2014.03.30"]
[Round "2.99"]
[White "Ilic, Slobodan S"]
[Black "Nikolov, Kole"]
[Result "1-0"]
[WhiteElo "2055"]
[BlackElo "1718"]
[PlyCount "57"]
[EventDate "2014.03.29"]
[EventType "swiss"]
[EventRounds "9"]

1. c4 d5 2. cxd5 Qxd5 3. Nc3 Qa5 4. g3 c6 5. Bg2 Nf6 6. d4 g6 7. e4 Bg7 8. Nge2
O-O 9. O-O Na6 10. h3 e6 11. Be3 b5 12. a3 Bb7 13. Qc2 Rac8 14. b4 Qd8 15. Rfd1
Nb8 16. Nc1 Nbd7 17. Nd3 Qe7 18. Qb3 Rfe8 19. Ra2 Nb6 20. Nc5 Nc4 21. Bg5 h6
22. Bxf6 Bxf6 23. e5 Bg7 24. Nxb5 cxb5 25. Nxb7 Rc7 26. Nc5 Nb6 27. Bf1 Rd8 28.
Bxb5 Kh7 29. Bf1 1-0

[Event "SSkopje MKD"]
[Site "SSkopje MKD"]
[Date "2014.03.30"]
[Round "2.100"]
[White "Petrovic, Lazar"]
[Black "Schleich, Theodor"]
[Result "0-1"]
[WhiteElo "1707"]
[BlackElo "2052"]
[PlyCount "50"]
[EventDate "2014.03.29"]
[EventType "swiss"]
[EventRounds "9"]

1. d4 e6 2. c4 b6 3. Nc3 Bb7 4. Nf3 Bb4 5. Bd2 f5 6. a3 Be7 7. Qc2 Nf6 8. e3
O-O 9. Bd3 Qe8 10. O-O-O Qg6 11. Rdg1 d6 12. Nb5 Na6 13. a4 Ne4 14. Be1 c6 15.
Nc3 Nb4 16. Qd1 Nxd3+ 17. Qxd3 Rac8 18. Qe2 c5 19. Nxe4 fxe4 20. Bc3 exf3 21.
gxf3 Bxf3 22. Rxg6 Bxe2 23. Rxe6 Rf7 24. b3 Bg4 25. Re4 Bf3 0-1

[Event "SSkopje MKD"]
[Site "SSkopje MKD"]
[Date "2014.03.30"]
[Round "2.101"]
[White "Milutinovic, Stefana"]
[Black "Okuyaz, Duru"]
[Result "1/2-1/2"]
[WhiteElo "2048"]
[BlackElo "1678"]
[PlyCount "154"]
[EventDate "2014.03.29"]
[EventType "swiss"]
[EventRounds "9"]

1. d4 d5 2. c4 c6 3. Nf3 Nf6 4. Nbd2 e6 5. e3 Nbd7 6. Bd3 Bd6 7. O-O O-O 8. e4
dxe4 9. Nxe4 Nxe4 10. Bxe4 Nf6 11. Bc2 h6 12. b3 c5 13. Bb2 Re8 14. Qd3 cxd4
15. Bxd4 e5 16. Bxe5 Bxe5 17. Nxe5 Qxd3 18. Nxd3 Re2 19. Rac1 Bf5 20. Nb4 a5
21. Bxf5 axb4 22. Bb1 Rd8 23. c5 Rdd2 24. Rc4 Nd5 25. Be4 f5 26. Bf3 Re5 27.
Bxd5+ Rexd5 28. Rxb4 Rxa2 29. Rc4 Rb2 30. b4 Rd3 31. Rf4 g6 32. g4 g5 33. Rxf5
Rxb4 34. f3 Rd2 35. Rf2 Rbb2 36. Rxd2 Rxd2 37. Rf6 Rd7 38. Kg2 Rc7 39. Rb6 Rxc5
40. Rxb7 Rc3 41. Rb8+ Kg7 42. Rb7+ Kg6 43. Kg3 Rc6 44. h4 Rd6 45. Rb3 Rf6 46.
hxg5 hxg5 47. Kf2 Re6 48. Re3 Ra6 49. Ke2 Rc6 50. Rb3 Ra6 51. Ke3 Rc6 52. Rb5
Ra6 53. Re5 Rb6 54. Rd5 Ra6 55. Rd3 Kg7 56. Rd5 Kg6 57. Kd3 Ra3+ 58. Ke4 Ra4+
59. Rd4 Ra6 60. Kd5 Ra5+ 61. Kc4 Ra4+ 62. Kd3 Ra3+ 63. Ke4 Ra6 64. f4 gxf4 65.
Kxf4 Rc6 66. Rd5 Rb6 67. Rc5 Ra6 68. Kg3 Rb6 69. Kh4 Ra6 70. Rc8 Rb6 71. Rg8+
Kh7 72. Rf8 Kg6 73. Rf5 Kh6 74. Rd5 Kg6 75. Kg3 Ra6 76. Rf5 Rc6 77. Rd5 Rf6
1/2-1/2

[Event "SSkopje MKD"]
[Site "SSkopje MKD"]
[Date "2014.03.30"]
[Round "2.102"]
[White "Silivri, Volkan Resat"]
[Black "Mattes, Heinz"]
[Result "1-0"]
[WhiteElo "1670"]
[BlackElo "2043"]
[PlyCount "39"]
[EventDate "2014.03.29"]
[EventType "swiss"]
[EventRounds "9"]

1. e4 e6 2. d4 d5 3. e5 c5 4. c3 Nc6 5. Nf3 Qb6 6. Bd3 cxd4 7. cxd4 Nh6 8. Nc3
Bd7 9. O-O Nxd4 10. Nxd4 Qxd4 11. Nb5 Qxe5 12. Re1 Qb8 13. Qf3 Bd6 14. Nxd6+
Qxd6 15. Bf4 Qe7 16. Qg3 f6 17. Bxh7 Rxh7 18. Qg6+ Qf7 19. Qxh7 Nf5 20. Qxf5
1-0

[Event "SSkopje MKD"]
[Site "SSkopje MKD"]
[Date "2014.03.30"]
[Round "2.103"]
[White "Hadzi Manev, Ljubomir"]
[Black "Lakinska, Simona"]
[Result "1-0"]
[WhiteElo "2034"]
[BlackElo "1642"]
[PlyCount "75"]
[EventDate "2014.03.29"]
[EventType "swiss"]
[EventRounds "9"]

1. d4 Nf6 2. Bg5 Ne4 3. Bf4 d5 4. e3 Bf5 5. Bd3 e6 6. f3 Nf6 7. Ne2 Be7 8. g4
Bxd3 9. Qxd3 c6 10. Nd2 Bd6 11. O-O-O Bxf4 12. Nxf4 Nbd7 13. e4 Qc7 14. e5 Ng8
15. c4 O-O-O 16. Qa3 Kb8 17. Nd3 Qb6 18. c5 Qc7 19. b4 a6 20. Qb3 Ne7 21. a4 b5
22. cxb6 Qxb6 23. Qc3 h5 24. g5 Nf5 25. Nc5 Nxc5 26. bxc5 Qa7 27. Kc2 Kc7 28.
Rb1 Rb8 29. Qa5+ Kd7 30. Kd3 Ne7 31. Rb6 Rxb6 32. cxb6 Qb7 33. Nb3 Kd8 34. Nc5
Qb8 35. Qxa6 Nc8 36. b7 Na7 37. Qb6+ Ke7 38. Na6 1-0

[Event "SSkopje MKD"]
[Site "SSkopje MKD"]
[Date "2014.03.30"]
[Round "2.104"]
[White "Veljanoski, Andrej"]
[Black "Spelec, Darko"]
[Result "1/2-1/2"]
[WhiteElo "1531"]
[BlackElo "2033"]
[PlyCount "85"]
[EventDate "2014.03.29"]
[EventType "swiss"]
[EventRounds "9"]

1. e4 e6 2. d4 d5 3. e5 c5 4. c3 Nc6 5. Nf3 Nh6 6. Bd3 f6 7. Bf4 Nf7 8. Bb5 Bd7
9. Bxc6 bxc6 10. a3 g5 11. Bg3 f5 12. h3 a5 13. Nbd2 c4 14. b3 cxb3 15. Qxb3 a4
16. Qc2 Be7 17. c4 O-O 18. c5 Qa5 19. O-O Rfb8 20. Rfb1 Nd8 21. Ne1 Be8 22. f4
Rb5 23. Nd3 Rab8 24. Nb4 Nb7 25. Qc3 Nxc5 26. fxg5 Ne4 27. Nxe4 fxe4 28. Bf2
Bxb4 29. Rxb4 Rxb4 30. Be1 Qd8 31. axb4 Ra8 32. Bd2 Kg7 33. g4 Qb6 34. h4 Qb5
35. Qe3 Qd3 36. Qxd3 exd3 37. h5 c5 38. dxc5 Bb5 39. h6+ Kg8 40. Kg2 Rf8 41.
Ra3 Ra8 42. Kf3 Rf8+ 43. Kg2 1/2-1/2

[Event "SSkopje MKD"]
[Site "SSkopje MKD"]
[Date "2014.03.30"]
[Round "2.105"]
[White "Zekaj, Dritan"]
[Black "Grabcheva, Natalia"]
[Result "1-0"]
[WhiteElo "2031"]
[BlackElo "1566"]
[PlyCount "70"]
[EventDate "2014.03.29"]
[EventType "swiss"]
[EventRounds "9"]

1. e4 b6 2. d4 Bb7 3. Nc3 e6 4. Bd3 Nf6 5. Nf3 d6 6. O-O Nbd7 7. Re1 h6 8. e5
dxe5 9. dxe5 Nd5 10. Ne4 g6 11. c4 Nb4 12. Bb1 Bg7 13. Bf4 O-O 14. Qd2 Nc6 15.
Ng3 Ndxe5 16. Qxd8 Nxf3+ 17. gxf3 Raxd8 18. Be4 Bxb2 19. Rab1 Bg7 20. c5 e5 21.
cxb6 axb6 22. Bxe5 Bxe5 23. Bxc6 Bc3 24. Bxb7 Bxe1 25. Rxe1 Rd2 26. a4 Rfd8 27.
Kg2 Rd1 28. Re5 f6 29. Rb5 Ra1 30. Rb4 Rad1 31. Bc6 R1d4 32. Rb3 Rd3 33. Rb2
Rd2 34. Rb5 R2d6 35. Bb7 R6d7 1-0

[Event "SSkopje MKD"]
[Site "SSkopje MKD"]
[Date "2014.03.30"]
[Round "2.106"]
[White "Kosteski, Mile"]
[Black "Blagojevic, Tijana"]
[Result "0-1"]
[WhiteElo "1452"]
[BlackElo "2028"]
[PlyCount "146"]
[EventDate "2014.03.29"]
[EventType "swiss"]
[EventRounds "9"]

1. e4 e5 2. Nf3 Nc6 3. Bb5 Nf6 4. d3 Ne7 5. Nc3 Ng6 6. O-O c6 7. Bc4 Bc5 8. h3
O-O 9. Bb3 Re8 10. Bd2 h6 11. a3 d5 12. exd5 cxd5 13. Re1 Bb6 14. Re2 d4 15.
Ne4 Be6 16. Bxe6 Rxe6 17. Qe1 Nd5 18. Ng3 Qe7 19. Kf1 Re8 20. Kg1 Qc7 21. Rc1
Ngf4 22. Bxf4 exf4 23. Rxe6 Rxe6 24. Ne2 Ba5 25. Qd1 Bb6 26. Qf1 Rg6 27. Kh1
Bc5 28. Kg1 Qd7 29. Kh2 Qa4 30. Kh1 a5 31. Qd1 Rb6 32. Rb1 g5 33. Kg1 Ne7 34.
Kf1 Nf5 35. Neg1 Qb5 36. Ne5 Re6 37. Ngf3 Qe8 38. Nc4 a4 39. Ncd2 Nd6 40. Rc1
Nb5 41. Ne4 Bf8 42. Nh2 f5 43. Nd2 h5 44. Qf3 Qf7 45. Re1 Rxe1+ 46. Kxe1 Bd6
47. Nc4 g4 48. Nxd6 gxf3 49. Nxf7 fxg2 50. Nf3 Kxf7 51. Ng1 f3 52. Nxf3 Ke6 53.
Ng1 Ke5 54. f3 Nc7 55. Kf2 Nd5 56. Kxg2 h4 57. Ne2 Ne3+ 58. Kf2 Nxc2 59. f4+
Kd5 60. Nc1 b5 61. Na2 b4 62. Nxb4+ Nxb4 63. axb4 Kc6 64. Ke2 Kb5 65. Kd2 Kxb4
66. Kc1 a3 67. bxa3+ Kxa3 68. Kc2 Ka2 69. Kc1 Kb3 70. Kd2 Kb2 71. Kd1 Kc3 72.
Ke2 Kc2 73. Kf3 Kd2 0-1

[Event "SSkopje MKD"]
[Site "SSkopje MKD"]
[Date "2014.03.30"]
[Round "2.107"]
[White "Van der Merwe, Cecile Henriette"]
[Black "Arda, Doga Su"]
[Result "1-0"]
[WhiteElo "2026"]
[BlackElo "1367"]
[PlyCount "67"]
[EventDate "2014.03.29"]
[EventType "swiss"]
[EventRounds "9"]

1. e4 e5 2. Nf3 Nc6 3. Bc4 Bc5 4. b4 Bxb4 5. c3 Ba5 6. d4 exd4 7. O-O Nf6 8. e5
d5 9. exf6 dxc4 10. fxg7 Rg8 11. Re1+ Be6 12. Ng5 Qf6 13. Nxe6 fxe6 14. Qh5+
Qf7 15. Rxe6+ Ne7 16. Rxe7+ Kxe7 17. Ba3+ Ke8 18. Qxa5 Rxg7 19. Nd2 Kd7 20.
Qb5+ Kc8 21. Re1 Rg8 22. Nxc4 Qg6 23. g3 a6 24. Qd5 Rd8 25. Qc5 b6 26. Qe7 Rd7
27. Qe2 Kd8 28. Ne5 Qg7 29. Qe4 c6 30. Nxc6+ Kc8 31. Ne7+ Kb8 32. Qc6 Qg4 33.
Qc8+ Ka7 34. Nc6# 1-0

[Event "Skopje MKD"]
[Site "Skopje MKD"]
[Date "2014.03.30"]
[Round "3.1"]
[White "Semcesen, Daniel"]
[Black "Iturrizaga Bonelli, Eduardo"]
[Result "1/2-1/2"]
[WhiteElo "2502"]
[BlackElo "2645"]
[PlyCount "28"]
[EventDate "2014.03.29"]
[EventType "swiss"]
[EventRounds "9"]

1. d4 Nf6 2. c4 e6 3. Nc3 Bb4 4. a3 Bxc3+ 5. bxc3 O-O 6. f3 d5 7. cxd5 exd5 8.
e3 c5 9. Bd3 b6 10. Ne2 Ba6 11. O-O Re8 12. Ng3 Bxd3 13. Qxd3 Nc6 14. Bb2 Qd7
1/2-1/2

[Event "Skopje MKD"]
[Site "Skopje MKD"]
[Date "2014.03.30"]
[Round "3.3"]
[White "Firat, Burak"]
[Black "Delchev, Aleksander"]
[Result "0-1"]
[WhiteElo "2480"]
[BlackElo "2638"]
[PlyCount "56"]
[EventDate "2014.03.29"]
[EventType "swiss"]
[EventRounds "9"]

1. e4 c5 2. Nf3 e6 3. d4 cxd4 4. Nxd4 a6 5. Bd3 Nf6 6. O-O Qc7 7. Qe2 d6 8. c4
g6 9. Nc3 Bg7 10. Nf3 O-O 11. Bf4 Nh5 12. Bd2 Nd7 13. Rac1 b6 14. b3 Bb7 15.
Bb1 Rac8 16. Ne1 Rfe8 17. f4 f5 18. exf5 exf5 19. Qf2 Nhf6 20. Nf3 Qc5 21. Qxc5
Nxc5 22. Rfd1 Nfe4 23. Nd5 Bxd5 24. cxd5 Nxd2 25. Nxd2 Bd4+ 26. Kf1 Be3 27. g3
Bxd2 28. Rxd2 Nxb3 0-1

[Event "Skopje MKD"]
[Site "Skopje MKD"]
[Date "2014.03.30"]
[Round "3.4"]
[White "Romanov, Evgeny"]
[Black "Kadric, Denis"]
[Result "1/2-1/2"]
[WhiteElo "2636"]
[BlackElo "2485"]
[PlyCount "78"]
[EventDate "2014.03.29"]
[EventType "swiss"]
[EventRounds "9"]

1. d4 d6 2. Nf3 g6 3. e4 Nf6 4. Nc3 Bg7 5. Be2 O-O 6. O-O Bg4 7. Be3 Nc6 8. h3
Bxf3 9. Bxf3 Re8 10. Be2 e5 11. dxe5 dxe5 12. Bb5 Re6 13. Qxd8+ Rxd8 14. Rad1
Nd4 15. f4 Nh5 16. fxe5 Bxe5 17. Bc4 Rf6 18. g4 Nf4 19. g5 Nxh3+ 20. Kg2 Nf4+
21. Kh1 Rc6 22. Bd5 Nfe6 23. Bxc6 bxc6 24. Na4 Rb8 25. c3 Ne2 26. Rfe1 N2f4 27.
Rg1 Nh3 28. Rg2 Bf4 29. Rd3 Nhxg5 30. Nc5 Bxe3 31. Rxe3 Nxc5 32. Rxg5 Ne6 33.
Ra5 Rxb2 34. Rxa7 h5 35. Rg3 g5 36. Rg2 Rb1+ 37. Rg1 Rb2 38. Rg2 Rb1+ 39. Rg1
Rb2 1/2-1/2

[Event "Skopje MKD"]
[Site "Skopje MKD"]
[Date "2014.03.30"]
[Round "3.5"]
[White "Donchenko, Alexander"]
[Black "Ivanisevic, Ivan"]
[Result "1-0"]
[WhiteElo "2463"]
[BlackElo "2633"]
[PlyCount "139"]
[EventDate "2014.03.29"]
[EventType "swiss"]
[EventRounds "9"]

1. Nf3 d5 2. d4 Nf6 3. c4 e6 4. g3 Bb4+ 5. Bd2 Bd6 6. Bg2 Nbd7 7. b3 dxc4 8.
bxc4 c5 9. O-O cxd4 10. Nxd4 O-O 11. Nc3 a6 12. Rb1 Qc7 13. Qb3 Nc5 14. Qb6 Rd8
15. Qxc7 Bxc7 16. Be3 Ng4 17. Ndb5 Nxe3 18. Nxc7 Nxf1 19. Nxa8 Nd2 20. Rd1 Rd6
21. Bd5 exd5 22. Rxd2 d4 23. Nd5 Kf8 24. Nab6 Be6 25. Rxd4 Ke8 26. Nf6+ Ke7 27.
Ng8+ Kd8 28. Rxd6+ Kc7 29. Rd4 Kxb6 30. Ne7 Nd7 31. Nd5+ Kc5 32. Rd2 Ne5 33.
Ne3 Nxc4 34. Nxc4 Bxc4 35. a3 b5 36. Kf1 b4 37. axb4+ Kxb4 38. Ke1 a5 39. Kd1
a4 40. Kc2 a3 41. g4 Bb3+ 42. Kb1 g6 43. Rd8 Be6 44. Ka1 Kb3 45. Rd3+ Kc2 46.
h3 Bc4 47. Rxa3 Bxe2 48. g5 Bc4 49. h4 Be6 50. Re3 Bd5 51. Re5 Bc4 52. Rc5 Kc3
53. Kb1 Kd4 54. Ra5 Ke4 55. Ra4 Kd3 56. Kb2 Bd5 57. Rf4 Ke2 58. Kc3 Bf3 59.
Rxf7 Kxf2 60. Rxh7 Ke3 61. Re7+ Kf4 62. Rf7+ Kg4 63. Rxf3 Kxf3 64. h5 gxh5 65.
g6 h4 66. g7 h3 67. g8=Q Kf2 68. Qf7+ Kg1 69. Qg6+ Kh1 70. Qf5 1-0

[Event "Skopje MKD"]
[Site "Skopje MKD"]
[Date "2014.03.30"]
[Round "3.6"]
[White "Antic, Dejan"]
[Black "Rozentalis, Eduardas"]
[Result "1/2-1/2"]
[WhiteElo "2462"]
[BlackElo "2623"]
[PlyCount "41"]
[EventDate "2014.03.29"]
[EventType "swiss"]
[EventRounds "9"]

1. d4 Nf6 2. c4 e6 3. g3 Bb4+ 4. Bd2 c5 5. Bg2 Qb6 6. d5 exd5 7. cxd5 O-O 8.
Nc3 d6 9. e4 Nbd7 10. Nge2 Ne5 11. O-O Bg4 12. a3 Bxc3 13. Bxc3 Rfe8 14. f3 Bd7
15. Nf4 a5 16. a4 h6 17. Rf2 c4 18. Bd4 Qb4 19. Bc3 Qb6 20. Bd4 Qb4 21. Bc3
1/2-1/2